Periodic Table Elements Word Chain - Statistics

General Stats
  • This quiz has been taken 55 times
  • The average score is 12 of 15
Answer Stats
Hint Answer % Correct
Makes up most of the Earth's atmosphere Nitrogen
98%
Used in bright advertising signs and lights Neon
96%
Element whose compounds often smell like rotten eggs Sulfur
94%
Toxic metal once used in pipes and still found in some car batteries Lead
92%
Known as quicksilver, used in thermometers Mercury
92%
A radioactive noble gas that can accumulate in basements and pose health risks Radon
88%
Named after the physicist who developed the theory of relativity Einsteinium
83%
A metal used in coins and stainless steel Nickel
83%
Essential for making matches and fertilizers Phosphorus
77%
Lightweight metal that burns with a bright white flame Magnesium
75%
One of four elements named after the Swedish village Ytterby Yttrium
75%
Often confused with magnesium, it's key in steel production and batteries Manganese
67%
A recently discovered superheavy element named after a Russian city Moscovium
67%
Named in honor of Lise Meitner, co-discoverer of nuclear fission Meitnerium
56%
A synthetic element named after a Russian research institute Dubnium
38%
No matching quizzes found
Score Distribution
Percent of People with Each Score
Percentile by Number Answered
Your Score History
You have not taken this quiz